Bengkel pengurusan kualiti menyeluruh (TQM) dan penggubahan piagam pelanggan pada 18 Okt. 1993 [
| Format: | Book |
|---|---|
| Published: |
Bangi :
Inspen ,
1993
|
| Subjects: |
MARC
| LEADER | 00000cam a2200000 7i4500 | ||
|---|---|---|---|
| 001 | 0000018024 | ||
| 005 | 20061204.0 | ||
| 040 | |a INS | ||
| 090 | 0 | 0 | |a HD62.15 1993 |
| 245 | 0 | 0 | |a Bengkel pengurusan kualiti menyeluruh (TQM) dan penggubahan piagam pelanggan pada 18 Okt. 1993 [ |h video recording] |
| 260 | |a Bangi : |b Inspen , |c 1993 | ||
| 300 | |a 1 Video cassette (VHS) (0:45) : |b sd., col. ; |c 1/2 in. | ||
| 650 | 0 | 0 | |a Total quality management |
| 999 | |a VHS429 |b VIDEO |c Media Collection |e Default branch | ||